States That Border New Mexico Quiz Stats

Quiz Updated Sep 13, 2017

Challenge
Share
Tweet
Embed
Score 0/5 Timer 00:30
4 Plays Today
% Correct
Texas
97.9%
Arizona
97%
Colorado
88.5%
Utah
85.4%
Oklahoma
76.4%

You're not logged in!

Compare scores with friends on all Sporcle quizzes.
Sign Up with Email
OR
Log In

You Might Also Like...

Show Comments

Extras

Top Quizzes Today


Score Distribution

Your Account Isn't Verified!

In order to create a playlist on Sporcle, you need to verify the email address you used during registration. Go to your Sporcle Settings to finish the process.